书目信息 |
| 题名: |
泰戈尔
|
|
| 作者: | 吴文辉 著 | |
| 分册: | ||
| 出版信息: | 成都 四川人民出版社 1999.02 |
|
| 页数: | 302页 | |
| 开本: | 32开 | |
| 丛书名: | ||
| 单 册: | ||
| 中图分类: | K351.56 | |
| 科图分类: | ||
| 主题词: | 南亚--历史 | |
| 电子资源: | ||
| ISBN: | 7-220-04332-5 | |
| 000 | 00518nam0 2200193 45 | |
| 001 | 0008100981 | |
| 005 | 20000810093430.4 | |
| 010 | @a7-220-04332-5@d14.00元 | |
| 100 | @a20000810d1999 km y0chiy0120 ea | |
| 101 | 0 | @achi |
| 105 | @a z 000yy | |
| 200 | 1 | @a泰戈尔@ATai Ge Er@f吴文辉著@FWu Wen Hui Zhu |
| 210 | @a成都@c四川人民出版社@d1999.02 | |
| 215 | @a302页@d32开 | |
| 606 | 0 | @a南亚@x历史 |
| 690 | @aK351.56@v3 | |
| 701 | 0 | @a吴文辉@4著 |
| 801 | @aCN@bPftUser@c20000810 | |
| 905 | @b101505-509@dK351.56@eW333@f5 | |
| 泰戈尔/吴文辉著.-成都:四川人民出版社,1999.02 |
| 302页;32开 |
| ISBN 7-220-04332-5:14.00元 |
| ● |
| 相关链接 |
|
|
|
正题名:泰戈尔
索取号:K351.56/W333
 
预约/预借
| 序号 | 登录号 | 条形码 | 馆藏地/架位号 | 状态 | 备注 |
| 1 | 101505 | 201015052 | 社科库309/309社科库 40排1列3层/ [索取号:K351.56/W333] | 在馆 | |
| 2 | 101506 | 201015061 | 社科库309/309社科库 40排1列3层/ [索取号:K351.56/W333] | 在馆 | |
| 3 | 101507 | 201015070 | 自科二线404/309社科库 43排6列3层/ [索取号:K351.56/W333] | 在馆 | |
| 4 | 101508 | 201015089 | 自科二线404/309社科库 43排6列3层/ [索取号:K351.56/W333] | 在馆 | |
| 5 | 101509 | 201015098 | 自科二线404/309社科库 43排6列3层/ [索取号:K351.56/W333] | 在馆 |